Capitals of the U.S. Beginning with the C - Statistics

General Stats
  • This quiz has been taken 51 times
  • The average score is 5 of 6
Answer Stats
Capital % Correct
Columbia
97%
Columbus
97%
Cheyenne
83%
Carson City
81%
Concord
78%
Charleston
75%
No matching quizzes found
Score Distribution
Percent of People with Each Score
Percentile by Number Answered
Your Score History
You have not taken this quiz